00647nam a2200205Ia 450000500170000000800410001702000220005804100120008008200130009210000230010524500430012825000080017126000390017950000080021865000270022670000150025394200070026895201470027599900190042220240823030946.0240823s9999||||xx |||||||||||||| ||und|| a978-81-315-1460-3 aENGLISH A621.3 Q1 aShanmugasundaram S 0aBasic Civil and Mechanical Engineering a1st c2011bCengage Learning aNew Delhi aYES aMechanicalbMechanical a Mylsamy K cBK 00104070aNICHELIBbNICHELIBc212-1d2012-05-30eHigginbothams Private Ltdg350.00l0o621.3 Q1p42205r2024-08-23 03:09:46w2024-08-23yBK c189935d189935